000 00824cam a22002651 4500
001 sa 66007013
003 DLC
005 20260227112300.0
008 891204s1964 io 000 0 ara
010 _asa 66007013
035 _a(OCoLC)20729854
040 _aDLC
_cOCoLC
_dDLC
041 1 _aaraind
_hund
042 _apremarc
050 0 0 _aBP135.A2
_bN315 1964
100 0 _aNawawī,
_d1233-1277. [from old catalog]
245 1 0 _aHadits arbaʼin Annawawiah,
_bdengan tardjamah dalam bahasa Indonesia,
_coleh Aminah Abdullah Dahlan.
250 _aTjet. 7.
260 _aBandung,
_bAlmaʼarif
_c[1964?]
300 _a60 p.
_c18 cm.
500 _aAt head of title: [non-Roman characters]
500 _aArabic and Indonesian.
650 0 _aHadith
_vTexts.
700 1 _aDahlan, Aminah Abdullah, [from old catalog]
_etr.
999 _c70872
_d70872